| 000 | 00657nam a22002177a 4500 | ||
|---|---|---|---|
| 942 | _cBK | ||
| 999 |
_c543 _d543 |
||
| 005 | 20250420134815.0 | ||
| 008 | 200804b ||||| |||| 00| 0 eng d | ||
| 020 | _a9789065623638 | ||
| 040 | _cKCST | ||
| 082 |
_a333.72 _bKa Nu |
||
| 100 |
_aKan, van J. _94873 |
||
| 245 |
_aNumerical methods in scientific computing / _cJ van Kan; A Segal; F Vermolen |
||
| 260 |
_aDelft, The Netherlands: _bDelft Academic Press / VSSD, _c2014. |
||
| 650 |
_aMathematical models. _91104 |
||
| 650 |
_aScience _vData processing. _94874 |
||
| 650 |
_aMathematical physics. _9675 |
||
| 700 |
_aSegal, A. _94875 |
||
| 700 |
_aVermolen, F. _94876 |
||
| 942 | _2ddc | ||